01384nam a2200277 450000100030000000300040000300500170000700800410002404000080006504100130007308200150008610000300010124000140013124500670014526000330021230000110024552006840025665000250094065000220096565000110098765000180099865000300101665500120104665500160105870000320107459OSt20250528074010.0250122b |||||||e |||| 00| 1 eng d bpor hengapor a813bB651e1 aBloch, Robert,d1917-1994 aThe scarf aA echarpe /cBloch, Robert ; Tradução de Aurea Weissenberg aRio de JaneirobRecordc1966 a156 p. aUma história de horror, escrita pelo famoso autor de "PSICOSE"! Daniel é um serial killer diferente. Ele tem remorso, sofre de paranoia, tem crises existenciais. É um escritor em ascensão que vagueia com desenvoltura pelo mundo editorial, mas sua vida pessoal é um caos. Ele mata quem se interponha em seu caminho, mas à cada crime se afunda mais e aos poucos perde o controle dos acontecimentos. Isso porque ele não é um psicopata, que comete assassinatos com uma frieza cirúrgica. Ele é uma alma atormentada, com um acontecimento mal resolvido em seu passado envolvendo uma professora, a dona da echarpe que o acompanha e é a arma que usa em seus crimes. 0aLiteratura Americana 0aRomance Policial  0aTerror 0aSerial Killer 0aCrime e Investigação  0aRomance 0aFicção  aAurea WeissenbergeTradutor